Sevilla FC 2019/2020 Squad - Statistics

General Stats
  • This quiz has been taken 65 times
    54 since last reset
  • The average score is 15 of 26
Answer Stats
No. Answer % Correct
19 Netherlands (FW) Luuk de Jong
85%
1 Czech Republic (GK) Tomáš Vaclík
85%
10 Argentina (MF) Éver Banega
80%
13 Morocco (GK) Bono
73%
16 Spain (DF) Jesús Navas
73%
20 Brazil (DF) Diego Carlos
68%
5 Argentina (MF) Lucas Ocampos
68%
9 Israel (FW) Munas Dabbur
68%
17 Serbia (MF) Nemanja Gudelj
68%
- Spain (MAN) Julen Lopetegui
65%
12 France (DF) Jules Koundé
63%
6 Portugal (DF) Daniel Carriço
60%
25 Brazil (MF) Fernando
58%
3 Spain (DF) Sergi Gómez
58%
22 Argentina (MF) Franco Vázquez
53%
18 Spain (DF) Sergio Escudero
53%
14 Mexico (FW) Chicharito
50%
24 Spain (MF) Joan Jordán
50%
11 Spain (FW) Munir El Haddadi
50%
21 Spain (MF) Óliver Torres
48%
23 Spain (DF) Sergio Reguilón
48%
8 Spain (FW) Nolito
40%
7 Portugal (MF) Rony Lopes
40%
30 Spain (MF) Bryan Gil
23%
27 Spain (MF) Alejandro Pozo
20%
31 Spain (GK) Javi Díaz
15%
No matching quizzes found
Score Distribution
Percent of People with Each Score
Percentile by Number Answered
Your Score History
You have not taken this quiz since the last reset